00683nam a2200193 a 450000100060000000300090000600800410001502000150005604000280007108200150009910000270011411000530014124500640019426000720025830000100033065000480034065000720038865000290046012526CO-ViMGA141112s2004 ck r 000 u spa d a9589206212 aCO-ViMGAbspacCO-ViMGA04a070.7 C65p1 aTroyano, Guzman Hector aConvenio Andres Bello Secretaria Ejecutiva SECAB10aPeriodismo Cultural en los paises del Convenio Andres Bello aBogotá : bSecretaria Ejecutiva del convenio Andres Bello, c1991 a239p.14aAmérica DEL SUR - CONGRESOSY CONFERENCIAS14aPERIODISMO - CULTURAL - ENSEÑANZA - América DEL SUR - CONGRESOS14aPERIODISMO - ENSEÑANZA